[Event "COL-ch"]
[Site "San Andres Islas"]
[Date "2008.12.04"]
[Round "8"]
[White "Moreno, Jhovanni"]
[Black "De Arco, Luis Carlos"]
[Result "0-1"]
[WhiteElo "2000"]
[BlackElo "2182"]
[PlyCount "87"]
[EventDate "2008.12.01"]
[EventType "swiss"]
[EventRounds "9"]
[EventCountry "COL"]
[SourceTitle "CBM 127 Extra"]
[Source "ChessBase"]
[SourceDate "2009.01.08"]
[SourceVersion "2"]
[SourceVersionDate "2009.01.28"]
[SourceQuality "1"]

1. e4 c5 2. Nf3 Nc6 3. d4 cxd4 4. Nxd4 Nf6 5. Nc3 e5 6. Ndb5 d6 7. Bg5 a6 8. Na3 b5 9. Bxf6 gxf6 10. Nd5 Bg7 11. c3 Ne7 12. Nxe7 Qxe7 13. Nc2 0-0 14. Bd3 f5 15. Qh5 Rb8 16. Ne3 f4 17. Nd5 Qb7 18. g3 Be6 19. gxf4 f5 20. f3 Qa7 21. 0-0-0 Bxd5 22. exd5 Qe3+ 23. Kb1 Qxf4 24. Rhg1 b4 25. c4 e4 26. fxe4 fxe4 27. Rdf1 Qe3 28. Bc2 Qd4 29. Rxg7+ Qxg7 30. Re1 e3 31. Qd1 Rf2 32. Rxe3 Rbf8 33. Re1 Kh8 34. c5 dxc5 35. d6 c4 36. Qc1 R2f7 37. Rd1 c3 38. Ba4 cxb2 39. Qc4 Qc3 40. Qe2 Rf2 41. Qxf2 Rxf2 42. d7 Rf8 43. d8Q Qc1+ 44. Rxc1 0-1

[Event "Medellin Feria de las Flores op"]
[Site "Medellin"]
[Date "2008.08.07"]
[Round "3.23"]
[White "Arango, Andres Mauricio"]
[Black "Moreno, Jhovanni"]
[Result "1-0"]
[WhiteElo "2124"]
[BlackElo "1999"]
[PlyCount "65"]
[EventDate "2008.08.06"]
[EventType "swiss"]
[EventRounds "9"]
[EventCountry "COL"]
[SourceTitle "EXT 2024"]
[Source "ChessBase"]
[SourceDate "2023.10.10"]
[SourceVersion "1"]
[SourceVersionDate "2023.10.10"]
[SourceQuality "1"]

1. e4 c5 2. Nf3 e6 3. d4 cxd4 4. Nxd4 a6 5. Bd3 Nc6 6. Nxc6 bxc6 7. 0-0 Qc7 8. Qe2 d5 9. c4 Nf6 10. e5 Nd7 11. f4 Be7 12. Nd2 0-0 13. Nf3 Nc5 14. Bb1 a5 15. b3 a4 16. b4 Nd7 17. c5 g6 18. Bd3 a3 19. Rb1 Qb8 20. Nd4 Qb7 21. Kh1 Ra4 22. Qc2 Qa8 23. Rb3 Nxc5 24. Nxc6 Qxc6 25. bxc5 Qxc5 26. Rc3 Rc4 27. Bxc4 dxc4 28. Rxc4 Qb5 29. Rd1 Bb7 30. Rc7 Rd8 31. Rxe7 Rc8 32. Rxb7 Qxb7 33. Qd3 1-0